Darío de Regoyos (Record no. 145332)

MARC details
000 -LEADER
campo de control de longitud fija 00531nam a2200169 i 4500
001 - NÚMERO DE CONTROL
campo de control 145332
003 - IDENTIFICADOR DE NÚMERO DE CONTROL
campo de control ES-MaACL
005 - FECHA Y HORA DE LA ÚLTIMA TRANSACCIÓN
campo de control 20250714063111.0
008 - DATOS DE LONGITUD FIJA--INFORMACIÓN GENERAL
campo de control de longitud fija 070214s1921 sp |||| |bspa d
100 1# - ENTRADA PRINCIPAL--NOMBRE DE PERSONA
Nombre de persona Soriano, Rodrigo,
Fechas asociadas al nombre 1868-1944
9 (RLIN) 107389
245 10 - MENCIÓN DEL TÍTULO
Título Darío de Regoyos
Resto del título : (historia de una rebeldía) /
Mención de responsabilidad, etc. Rodrigo Soriano.
260 ## - PUBLICACIÓN, DISTRIBUCIÓN, ETC.
Lugar de publicación, distribución, etc. Madrid :
Nombre del editor, distribuidor, etc. [s. n.],
Fecha de publicación, distribución, etc. 1921 (
Fabricante F. Peña)
300 ## - DESCRIPCIÓN FÍSICA
Extensión 200 p. ;
Dimensiones 20 x 13 cm.
600 14 - PUNTO DE ACCESO ADICIONAL DE MATERIA--NOMBRE DE PERSONA
Nombre de persona Regoyos, Darío de.
9 (RLIN) 95919
852 ## - LOCALIZACIÓN
Ubicación ES-MaACL
Número de control de estantería F-4618
Holdings
Estatus retirado Estado de pérdida Estado de daño No para préstamo Biblioteca de origen Biblioteca actual Ubicación en estantería Fecha de adquisición Fuente de adquisición Total de préstamos Signatura topográfica completa Código de barras Visto por última vez Precio de reemplazo Tipo de ítem Koha
        Biblioteca del Ateneo de Madrid Biblioteca del Ateneo de Madrid Depósito 2 17/01/2008     F-4618 1151703 23/02/2023 23/02/2023 Libro impreso